Financial sector's loss may be property's gain as wealth funds seek new investment opportunities (Record no. 81064)
[ view plain ]
| 000 -LEADER | |
|---|---|
| fixed length control field | 00749cab a22001935a 4500 |
| 001 - CONTROL NUMBER | |
| control field | L146168 |
| 008 - FIXED-LENGTH DATA ELEMENTS--GENERAL INFORMATION | |
| fixed length control field | 081215s2008 xxkad f s 000 0 eng d |
| 035 ## - SYSTEM CONTROL NUMBER | |
| System control number | (Sirsi) u146168 |
| 041 0# - LANGUAGE CODE | |
| Language code of text/sound track or separate title | eng |
| 110 2# - MAIN ENTRY--CORPORATE NAME | |
| Corporate name or jurisdiction name as entry element | AsiaProperty |
| 9 (RLIN) | 5571 |
| 245 00 - TITLE STATEMENT | |
| Title | Financial sector's loss may be property's gain as wealth funds seek new investment opportunities |
| 260 ## - PUBLICATION, DISTRIBUTION, ETC. | |
| Date of publication, distribution, etc. | 2008 |
| 490 #0 - SERIES STATEMENT | |
| Series statement | Asia Property |
| Volume/sequential designation | December 2008, 10(1) |
| 520 ## - SUMMARY, ETC. | |
| Summary, etc. | Reports that with the financial sector no longer a safe destination for sovereign wealth funds' capital, Asian property may offer a good alternative asset class to suit long-term investment objectives. |
| 590 ## - LOCAL NOTE (RLIN) | |
| Local note | KA |
| 651 #4 - SUBJECT ADDED ENTRY--GEOGRAPHIC NAME | |
| Geographic name | Asia |
| 690 ## - LOCAL SUBJECT ADDED ENTRY--TOPICAL TERM (OCLC, RLIN) | |
| Topical term or geographic name as entry element | PROPERTY-COMMERCIAL PROPERTY-COMMERCIAL PROPERTY MARKET |
| 942 ## - ADDED ENTRY ELEMENTS (KOHA) | |
| Suppress in OPAC | 0 |
| Withdrawn status | Lost status | Source of classification or shelving scheme | Damaged status | Not for loan | Home library | Current library | Shelving location | Date acquired | Total Checkouts | Full call number | Barcode | Date last seen | Copy number | Price effective from | Koha item type |
|---|---|---|---|---|---|---|---|---|---|---|---|---|---|---|---|
| Dewey Decimal Classification | London | London | Journal article | 15/12/2008 | L146168 | 146168-1001 | 06/08/2019 | 1 | 06/08/2019 | Journal article |